[Event "Llallagua Caballos de Troya op"]
[Site "Llallagua"]
[Date "2024.05.05"]
[Round "6"]
[White "Alacoria Mena, Alejandro"]
[Black "Silicuana Quispe, Katerin"]
[Result "1-0"]
[WhiteElo "1511"]
[BlackElo "1456"]
[PlyCount "56"]
[EventDate "2024.05.03"]
[EventType "swiss"]
[EventRounds "7"]
[EventCountry "BOL"]
[SourceTitle "EXT 2025"]
[Source "ChessBase"]
[SourceDate "2024.10.14"]
[SourceVersion "1"]
[SourceVersionDate "2024.10.14"]
[SourceQuality "1"]

1. e4 e5 2. Nf3 d6 3. Bc4 f5 4. d3 h6 5. exf5 Bxf5 6. c3 Nf6 7. Nbd2 d5 8. Bb3 Bd6 9. Qe2 Qe7 10. h3 c6 11. Nf1 e4 12. Nd4 Bh7 13. dxe4 Nxe4 14. Nd2 Nc5 15. Qxe7+ Bxe7 16. N2f3 Nd3+ 17. Ke2 Nxc1+ 18. Raxc1 0-0 19. Ne6 Re8 20. Nc7 Bd6+ 21. Nxe8 Bf4 22. Rce1 Nd7 23. Kd1 Be4 24. Rxe4 Bb8 25. Re7 Nc5 26. Nc7 Bxc7 27. Rxc7 Nd3 28. Rf1 Rb8 1-0

[Event "Llallagua Caballos de Troya op"]
[Site "Llallagua"]
[Date "2024.05.04"]
[Round "5"]
[White "Silicuana Quispe, Katerin"]
[Black "Rocha Correa, Jhonn Gregor"]
[Result "1/2-1/2"]
[WhiteElo "1456"]
[BlackElo "1701"]
[PlyCount "90"]
[EventDate "2024.05.03"]
[EventType "swiss"]
[EventRounds "7"]
[EventCountry "BOL"]
[SourceTitle "EXT 2025"]
[Source "ChessBase"]
[SourceDate "2024.10.14"]
[SourceVersion "1"]
[SourceVersionDate "2024.10.14"]
[SourceQuality "1"]

1. e4 e6 2. b3 d5 3. exd5 exd5 4. Bb2 Qe7+ 5. Qe2 Nc6 6. Qxe7+ Ngxe7 7. g3 f6 8. Bh3 Bxh3 9. Nxh3 Ng6 10. Nc3 0-0-0 11. 0-0-0 Bb4 12. Ne2 Rhe8 13. Nhf4 Nxf4 14. Nxf4 Ne5 15. Bxe5 Rxe5 16. Nd3 Re4 17. Nxb4 Rxb4 18. Rde1 Re4 19. Re3 Rde8 20. Rhe1 Kd7 21. d3 Rxe3 22. Rxe3 Rxe3 23. fxe3 Ke6 24. g4 h5 25. h3 hxg4 26. hxg4 f5 27. Kd2 fxg4 28. Ke2 Kf5 29. Kf2 c5 30. c4 dxc4 31. bxc4 Kg5 32. Kg3 a6 33. a4 b6 34. Kh2 Kh4 35. d4 cxd4 36. exd4 Kg5 37. Kg3 Kf5 38. d5 Ke5 39. Kxg4 Kd6 40. Kg5 Kc5 41. Kg6 b5 42. cxb5 axb5 43. axb5 Kxd5 44. Kxg7 Kc5 45. b6 Kxb6 1/2-1/2

[Event "Llallagua Caballos de Troya op"]
[Site "Llallagua"]
[Date "2024.05.04"]
[Round "4"]
[White "Tapia, Mauricio"]
[Black "Silicuana Quispe, Katerin"]
[Result "1-0"]
[WhiteElo "1904"]
[BlackElo "1456"]
[PlyCount "45"]
[EventDate "2024.05.03"]
[EventType "swiss"]
[EventRounds "7"]
[EventCountry "BOL"]
[SourceTitle "EXT 2025"]
[Source "ChessBase"]
[SourceDate "2024.10.14"]
[SourceVersion "1"]
[SourceVersionDate "2024.10.14"]
[SourceQuality "1"]

1. d4 d5 2. c4 c6 3. Nf3 Nf6 4. cxd5 cxd5 5. Nc3 Bf5 6. e3 Ne4 7. Qb3 Nxc3 8. bxc3 Qc7 9. Ba3 g6 10. Rc1 Be6 11. Bd3 Bg7 12. 0-0 0-0 13. Ng5 Bf6 14. Nxe6 fxe6 15. c4 Qb6 16. Qc2 Rc8 17. Bxg6 hxg6 18. Qxg6+ Kf8 19. Qxf6+ Kg8 20. Bxe7 Qc7 21. Qg6+ Kh8 22. Bf6+ Qg7 23. Qxg7# 1-0